[Event "Chigorin Memorial 2014"]
[Site "St Petersburg RUS"]
[Date "2014.10.23"]
[Round "6.21"]
[White "Pashinsky, Mikhail"]
[Black "Stupak, Kirill"]
[Result "0-1"]
[BlackTitle "GM"]
[WhiteElo "2190"]
[BlackElo "2545"]
[WhiteFideId "4152450"]
[BlackFideId "13503758"]
[EventDate "2014.10.18"]

1. e4 c6 2. d4 d5 3. e5 Bf5 4. Nd2 e6 5. Nb3 Ne7 6. Nf3 h6 7. Be2 Nd7 8. O-O Nc8
9. a4 Be7 10. a5 a6 11. Be3 Na7 12. c3 Qc7 13. Ne1 c5 14. g4 Bh7 15. f4 Nc6 16.
Nxc5 Nxc5 17. dxc5 Nxa5 18. Qa4+ Nc6 19. Bd3 O-O 20. Bxh7+ Kxh7 21. Nd3 Rad8 22.
Bd4 f5 23. exf6 Bxf6 24. Rae1 Qd7 25. Kh1 Kg8 26. Bxf6 Rxf6 27. Qc2 Rdf8 28. Qe2
Qf7 29. Rg1 g5 30. fxg5 hxg5 31. Rg3 Qh7 32. Re3 Qg7 33. Rh3 e5 34. Rh5 Rg6 35.
Nxe5 Re8 36. Qd3 Rxe5 37. Rxe5 Nxe5 38. Qxd5+ Nf7 39. Qxb7 Qe5 40. Rh3 Qe1+ 41.
Kg2 Qe2+ 42. Kg1 Rf6 0-1

[Event "Chigorin Memorial 2014"]
[Site "St Petersburg RUS"]
[Date "2014.10.23"]
[Round "6.22"]
[White "Hayrapetyan, Hovik"]
[Black "Grachev, Boris"]
[Result "0-1"]
[WhiteTitle "GM"]
[BlackTitle "GM"]
[WhiteElo "2426"]
[BlackElo "2673"]
[WhiteFideId "13302639"]
[BlackFideId "4129199"]
[EventDate "2014.10.18"]

1. d4 Nf6 2. Nf3 e6 3. c4 d5 4. Nc3 Nbd7 5. e3 g6 6. Qc2 Bg7 7. b4 O-O 8. cxd5
exd5 9. Bd3 c6 10. O-O Re8 11. a4 a5 12. b5 c5 13. dxc5 Nxc5 14. Nd4 Be6 15. Ba3
Nxd3 16. Qxd3 Ng4 17. Nce2 Rc8 18. Rac1 Rxc1 19. Bxc1 Qc7 20. g3 Ne5 21. Qb3 Bh3
22. Re1 Qc4 23. Qxc4 dxc4 24. Bd2 Nd3 25. Rb1 b6 26. Bc3 Nc5 27. Ra1 Bg4 28. Kf1
Ne4 29. Rc1 Nxc3 30. Nxc3 Bxd4 31. exd4 Bf3 32. Nd1 Bxd1 33. Rxd1 Kf8 34. Rc1
Rc8 35. Ke2 Ke7 36. Kd2 Kd6 37. d5 Rc5 38. Kc3 Rxd5 39. Re1 Kc5 40. Re7 Rd3+ 41.
Kc2 Rf3 0-1

[Event "Chigorin Memorial 2014"]
[Site "St Petersburg RUS"]
[Date "2014.10.23"]
[Round "6.23"]
[White "Petrosyan, Tigran S."]
[Black "Smirin, Ilia"]
[Result "0-1"]
[WhiteTitle "FM"]
[BlackTitle "GM"]
[WhiteElo "2426"]
[BlackElo "2655"]
[WhiteFideId "13303678"]
[BlackFideId "2801990"]
[EventDate "2014.10.18"]

1. e4 c5 2. Nf3 Nc6 3. Bb5 e6 4. O-O Nge7 5. Re1 a6 6. Bf1 Nd4 7. c3 Nxf3+ 8.
Qxf3 Nc6 9. Rd1 d5 10. d4 cxd4 11. cxd4 dxe4 12. Qxe4 Qd5 13. Nc3 Qxe4 14. Nxe4
Be7 15. Bf4 O-O 16. Nc3 Bf6 17. d5 exd5 18. Nxd5 Bxb2 19. Rab1 Bd4 20. Nb6 Bxb6
21. Rxb6 Rd8 22. Rxd8+ Nxd8 23. Bc7 Be6 24. Bxd8 Rxd8 25. Rxb7 Kf8 26. Rb1 a5
27. a4 Rd4 28. Bb5 Ke7 29. Kf1 Kd6 30. Ke2 Kc5 31. g3 Re4+ 32. Kd2 Rb4 33. Rc1+
Kd4 34. Rc2 g5 0-1

[Event "Chigorin Memorial 2014"]
[Site "St Petersburg RUS"]
[Date "2014.10.23"]
[Round "6.24"]
[White "Ponomarev, Dmitry"]
[Black "Khairullin, Ildar"]
[Result "0-1"]
[WhiteTitle "IM"]
[BlackTitle "GM"]
[WhiteElo "2413"]
[BlackElo "2643"]
[WhiteFideId "24112046"]
[BlackFideId "4151348"]
[EventDate "2014.10.18"]

1. c4 f5 2. g3 Nf6 3. Bg2 g6 4. Nc3 Bg7 5. d3 d6 6. e3 O-O 7. Nge2 Nc6 8. O-O e5
9. b3 Be6 10. d4 Bf7 11. dxe5 dxe5 12. Ba3 Re8 13. Bxc6 bxc6 14. Qxd8 Raxd8 15.
Rad1 g5 16. Rxd8 Rxd8 17. Be7 Rd3 18. Bxf6 Bxf6 19. h3 h5 20. Rc1 h4 21. gxh4
gxh4 22. Rd1 e4 23. Rc1 Be5 24. Nb1 Bh5 25. Kf1 Kf7 26. b4 Kf6 27. b5 Bb2 28.
Re1 Bf7 29. bxc6 Bxc4 0-1

[Event "Chigorin Memorial 2014"]
[Site "St Petersburg RUS"]
[Date "2014.10.23"]
[Round "6.25"]
[White "Svetlov, Dmitry"]
[Black "Ganguly, Surya Shekhar"]
[Result "0-1"]
[WhiteTitle "FM"]
[BlackTitle "GM"]
[WhiteElo "2387"]
[BlackElo "2613"]
[WhiteFideId "24102610"]
[BlackFideId "5002150"]
[EventDate "2014.10.18"]

1. d4 Nf6 2. Nf3 g6 3. g3 Bg7 4. Bg2 O-O 5. O-O d6 6. c4 Nbd7 7. Qc2 e5 8. Rd1
Qe7 9. e4 exd4 10. Nxd4 Ne5 11. h3 c5 12. Ne2 Re8 13. Be3 a6 14. a4 b5 15. axb5
Nxc4 16. Bg5 Bb7 17. Nbc3 axb5 18. Nxb5 Rxa1 19. Rxa1 Bxe4 20. Qxc4 d5 21. Qb3
Bxg2 22. Kxg2 Qxe2 23. Bxf6 Bxf6 24. Nd6 Rf8 25. Qxd5 Bd4 26. Qf3 Qxf3+ 27. Kxf3
Bxb2 28. Ra2 Be5 29. Ne4 Bd4 30. Rc2 f5 31. Nd6 Rb8 32. g4 fxg4+ 33. Kxg4 h5+
34. Kg5 Kg7 35. Ne4 Rf8 36. Re2 Rf3 37. Kh4 Kh6 38. Re1 Bxf2+ 39. Nxf2 g5# 0-1

[Event "Chigorin Memorial 2014"]
[Site "St Petersburg RUS"]
[Date "2014.10.23"]
[Round "6.26"]
[White "Tologontegin, Semetey"]
[Black "Wen, Yang"]
[Result "0-1"]
[WhiteTitle "FM"]
[BlackTitle "GM"]
[WhiteElo "2379"]
[BlackElo "2601"]
[WhiteFideId "13800574"]
[BlackFideId "8602956"]
[EventDate "2014.10.18"]

1. e4 e5 2. Nf3 Nc6 3. Bb5 Nf6 4. d3 d6 5. c4 g6 6. h3 Bg7 7. Bg5 h6 8. Be3 O-O
9. Qd2 Kh7 10. Nc3 Nd7 11. Bxc6 bxc6 12. d4 f5 13. exf5 gxf5 14. dxe5 dxe5 15.
Rd1 e4 16. Nh2 Qh4 17. O-O Ne5 18. b3 Be6 19. Bd4 Rad8 20. Qe3 Rde8 21. Rfe1 f4
22. Qe2 Bf5 23. Qf1 Nd3 24. Bxg7 Kxg7 25. Re2 f3 26. Rxe4 Bxe4 27. Nxe4 Ne5 28.
Ng3 Kh8 29. Nxf3 Nxf3+ 30. gxf3 Rxf3 31. Kh2 Ref8 32. Rd2 Qf6 33. Kg2 Rxg3+ 34.
Kxg3 Qf4+ 0-1

[Event "Chigorin Memorial 2014"]
[Site "St Petersburg RUS"]
[Date "2014.10.23"]
[Round "6.27"]
[White "Gevorgyan, David"]
[Black "Timofeev, Artyom"]
[Result "1/2-1/2"]
[BlackTitle "GM"]
[WhiteElo "2382"]
[BlackElo "2598"]
[WhiteFideId "13303244"]
[BlackFideId "4140419"]
[EventDate "2014.10.18"]

1. d4 Nf6 2. c4 g6 3. Nc3 d5 4. Nf3 Bg7 5. Qa4+ c6 6. Bg5 Ne4 7. Bh4 Nxc3 8.
bxc3 dxc4 9. Qxc4 O-O 10. e4 Bg4 11. Be2 Nd7 12. O-O Bf6 13. Bxf6 Nxf6 14. h3
Bxf3 15. Bxf3 e6 16. Rfb1 Qc7 17. e5 Nd5 18. Bxd5 exd5 19. Qb3 b6 20. Rb2 f6 21.
c4 Rad8 22. cxd5 Rxd5 23. Rc1 Qf7 24. Rxc6 fxe5 25. Rf6 Qxf6 26. Qxd5+ Qf7 27.
Qxe5 Re8 28. Qg3 Qc4 29. Qb3 Qxb3 30. Rxb3 Re1+ 31. Kh2 Rd1 32. Ra3 a5 33. Rb3
Rxd4 34. Rxb6 Rd2 35. a4 Rd4 36. Rb7 Rxa4 37. Ra7 h5 38. Kg3 Rd4 39. Rxa5 Kg7
40. f4 Kf6 41. Kf3 Rd3+ 42. Kf2 Rb3 43. Rc5 Ra3 44. Rg5 Rb3 45. Rg3 Rb2+ 46. Kg1
Rb4 47. Rf3 1/2-1/2

[Event "Chigorin Memorial 2014"]
[Site "St Petersburg RUS"]
[Date "2014.10.23"]
[Round "6.28"]
[White "Demchenko, Anton"]
[Black "Nakhbayeva, Guliskhan"]
[Result "1-0"]
[WhiteTitle "GM"]
[BlackTitle "WGM"]
[WhiteElo "2588"]
[BlackElo "2365"]
[WhiteFideId "4160258"]
[BlackFideId "13704788"]
[EventDate "2014.10.18"]

1. Nf3 Nf6 2. g3 d5 3. Bg2 c6 4. O-O Bg4 5. d3 Nbd7 6. Nbd2 e5 7. h3 Bh5 8. Nh4
Qc7 9. c4 dxc4 10. Nxc4 Bc5 11. d4 Bxd4 12. Nf5 O-O-O 13. Ncd6+ Kb8 14. Nxd4 Nb6
15. N4f5 Nc8 16. Qe1 Nxd6 17. Nxg7 h6 18. f4 Nde8 19. Nxe8 Rdxe8 20. g4 Bg6 21.
f5 Bh7 22. Bxh6 Nd5 23. e4 Ne7 24. Bg7 Rhg8 25. Bf6 Qb6+ 26. Kh2 Qxb2 27. Rb1
Qd4 28. Qh4 Qd6 29. Rfd1 Qc7 30. Qxh7 1-0

[Event "Chigorin Memorial 2014"]
[Site "St Petersburg RUS"]
[Date "2014.10.23"]
[Round "6.29"]
[White "Burmakin, Vladimir"]
[Black "Kukhmazov, Arsen"]
[Result "0-1"]
[WhiteTitle "GM"]
[BlackTitle "FM"]
[WhiteElo "2583"]
[BlackElo "2351"]
[WhiteFideId "4105109"]
[BlackFideId "24108260"]
[EventDate "2014.10.18"]

1. Nf3 d5 2. c4 c6 3. e3 Nf6 4. Nc3 e6 5. b3 Bd6 6. Bb2 O-O 7. Be2 e5 8. cxd5
cxd5 9. Nb5 e4 10. Ne5 Ne8 11. f4 f6 12. Ng4 Nc6 13. Nxd6 Nxd6 14. O-O Qb6 15.
Ba3 Nb4 16. Nf2 Bf5 17. Bb2 Rac8 18. Bd4 Qa5 19. Bc3 Nb5 20. Bxb5 Qxb5 21. a4
Qb6 22. a5 Qb5 23. Ra4 Nc6 24. Qa1 Rfd8 25. Qb2 Rc7 26. h3 Be6 27. Rb1 Rdc8 28.
Qa1 Ne7 29. Rb4 Qa6 30. Rb2 Nf5 31. Qe1 Bd7 32. Nd1 Bb5 33. g4 Ne7 34. Rd4 Qe6
35. Nf2 Nc6 36. Rb1 Nxd4 37. Bxd4 Qa6 38. Bc3 Be2 39. b4 Qb5 40. Kh2 Bf3 41. Kg3
Kf7 42. Ra1 Rc4 43. Ra3 Qc6 44. h4 g5 45. hxg5 fxg5 46. Qg1 d4 47. Bxd4 gxf4+
48. Kxf4 Qh6+ 49. Kg3 Rc1 50. Qh2 Qd6+ 51. Kh3 Rh1 52. Nxh1 Bxg4+ 53. Kg2 Bf3+
54. Kh3 Qh6+ 0-1

[Event "Chigorin Memorial 2014"]
[Site "St Petersburg RUS"]
[Date "2014.10.23"]
[Round "6.30"]
[White "Guseva, Marina"]
[Black "Yemelin, Vasily"]
[Result "0-1"]
[WhiteTitle "IM"]
[BlackTitle "GM"]
[WhiteElo "2364"]
[BlackElo "2568"]
[WhiteFideId "4149351"]
[BlackFideId "4113217"]
[EventDate "2014.10.18"]

1. d4 Nf6 2. c4 e6 3. Nc3 Bb4 4. Qc2 O-O 5. Nf3 c5 6. dxc5 Na6 7. g3 Nxc5 8. Bg2
Nce4 9. O-O Nxc3 10. bxc3 Be7 11. e4 d6 12. e5 dxe5 13. Nxe5 Qc7 14. Qe2 Bd6 15.
Bf4 Ne8 16. Rfd1 f6 17. Nd3 Qxc4 18. Qb2 Rb8 19. a4 Qc7 20. a5 b6 21. a6 e5 22.
Bd2 Be6 23. Nb4 Bc5 24. Nd5 Bxd5 25. Bxd5+ Kh8 26. Qb3 f5 27. c4 Nf6 28. Be3 Ng4
29. Bxc5 Qxc5 30. Ra2 e4 31. Qa3 Qxa3 32. Rxa3 Ne5 33. Rb1 Rbc8 34. Ra4 g6 35.
Rb5 Rfd8 36. Be6 Nf3+ 37. Kg2 Rc7 38. Rd5 Rxd5 39. cxd5 Kg7 40. d6 Rc1 41. d7
Rg1+ 0-1

[Event "Chigorin Memorial 2014"]
[Site "St Petersburg RUS"]
[Date "2014.10.23"]
[Round "6.31"]
[White "Gabrielian, Artur"]
[Black "Zhurikhin, Alexander"]
[Result "1-0"]
[WhiteTitle "GM"]
[BlackTitle "FM"]
[WhiteElo "2557"]
[BlackElo "2347"]
[WhiteFideId "4131002"]
[BlackFideId "4139569"]
[EventDate "2014.10.18"]

1. Nf3 Nf6 2. g3 d5 3. Bg2 c6 4. O-O Bf5 5. d3 h6 6. c4 dxc4 7. dxc4 Qxd1 8.
Rxd1 e6 9. Nc3 Nbd7 10. Bf4 g5 11. Bd2 O-O-O 12. Rac1 Be7 13. h4 Ne4 14. Nxe4
Bxe4 15. hxg5 Bxf3 16. Bxf3 Bxg5 17. e3 Bf6 18. Bh5 Rhf8 19. b3 Bb2 20. Rb1 Bg7
21. Kg2 f5 22. Bf3 Rg8 23. e4 Ne5 24. exf5 Nxf3 25. Kxf3 Rgf8 26. Bf4 Rxf5 27.
g4 Rf7 28. Ke4 c5 29. Rxd8+ Kxd8 30. Rh1 Rf8 31. f3 Rh8 32. Rh5 b6 33. Be5 Bxe5
34. Kxe5 Rf8 35. f4 Rg8 36. Rxh6 Rxg4 37. Rh8+ Kc7 38. Rh7+ Kb8 39. Re7 1-0

[Event "Chigorin Memorial 2014"]
[Site "St Petersburg RUS"]
[Date "2014.10.23"]
[Round "6.32"]
[White "Tukhaev, Adam"]
[Black "Duzhakov, Ilya"]
[Result "1-0"]
[WhiteTitle "GM"]
[BlackTitle "FM"]
[WhiteElo "2551"]
[BlackElo "2341"]
[WhiteFideId "14109476"]
[BlackFideId "4192516"]
[EventDate "2014.10.18"]

1. e4 e6 2. d4 d5 3. e5 c5 4. c3 Qb6 5. Nf3 Nc6 6. Na3 cxd4 7. cxd4 Bb4+ 8. Bd2
Nge7 9. Nc2 Bxd2+ 10. Qxd2 Qxb2 11. Bd3 O-O 12. O-O Qb6 13. Qg5 Ng6 14. Qh5 Bd7
15. Rab1 Qc7 16. Ne3 Be8 17. Ng5 h6 18. Ng4 Qe7 19. f4 f5 20. exf6 Rxf6 21. Rxb7
Nxf4 22. Rxf4 Bxh5 23. Nxf6+ gxf6 24. Rxe7 fxg5 25. Rxe6 Nb4 26. Rf5 Bg4 27.
Rg6+ Kh8 28. Rxh6+ Kg7 29. Rff6 Nxd3 30. Rhg6+ Kh7 31. Rxg5 Bd1 32. Rxd5 a5 33.
Rd7+ Kg8 34. h4 Re8 35. Kh2 a4 36. a3 Re4 37. Rg6+ Kf8 38. Rh6 Kg8 39. Rg6+ Kf8
40. Rh6 Kg8 41. Rhh7 Rf4 42. d5 Ne5 43. Rdg7+ Kf8 44. Rc7 Kg8 45. Rhe7 Nf7 46.
Rc8+ Kg7 47. d6 Rxh4+ 48. Kg1 1-0

[Event "Chigorin Memorial 2014"]
[Site "St Petersburg RUS"]
[Date "2014.10.23"]
[Round "6.33"]
[White "Akhmetov, Ayan"]
[Black "Harika, Dronavalli"]
[Result "1-0"]
[WhiteTitle "IM"]
[BlackTitle "GM"]
[WhiteElo "2350"]
[BlackElo "2528"]
[WhiteFideId "13703706"]
[BlackFideId "5015197"]
[EventDate "2014.10.18"]

1. e4 c5 2. Nf3 Nc6 3. d4 cxd4 4. Nxd4 e5 5. Nb5 d6 6. N1c3 a6 7. Na3 Be7 8. Nc4
b5 9. Ne3 Nf6 10. Ned5 O-O 11. Be2 Nxd5 12. Nxd5 Bg5 13. c3 Bxc1 14. Rxc1 Ne7
15. Ne3 Bb7 16. Bf3 Qb6 17. O-O Rad8 18. Qe2 Bc6 19. Rfd1 Qb7 20. Rd2 f5 21.
Rcd1 fxe4 22. Bg4 d5 23. Be6+ Kh8 24. Qh5 Qc7 25. Bxd5 Bxd5 26. Nxd5 Nxd5 27.
Rxd5 Rxd5 28. Rxd5 Qc4 29. Rxe5 Qxa2 30. g3 Qb1+ 31. Kg2 Qd3 32. Qf7 Qf3+ 33.
Qxf3 exf3+ 34. Kh3 g6 35. g4 Rd8 36. Kg3 Rd2 37. b4 Rd3 38. Re3 Rd2 39. Kxf3 Rc2
40. Kg3 Kg7 41. f3 Kf6 42. h4 h5 43. Kf4 hxg4 44. fxg4 Rf2+ 45. Rf3 Re2 46. Re3
Rf2+ 47. Kg3 Rc2 48. Rf3+ Kg7 49. Kf4 Kh6 50. Re3 Rf2+ 51. Kg3 Rc2 52. Rd3 Rc1
53. Kf4 Rf1+ 54. Ke5 Rg1 55. Rd4 Re1+ 56. Kd5 Re8 57. c4 Rd8+ 58. Ke4 Re8+ 59.
Kd3 bxc4+ 60. Kxc4 Re5 61. h5 Rg5 62. hxg6 Kxg6 63. Rd6+ Kf7 64. Rxa6 Ke7 65.
Rc6 Kd7 66. b5 Rxg4+ 67. Kc5 Rg8 68. Kb6 Rg5 69. Ka6 Rg8 70. Rc1 Rg2 71. b6 Rb2
72. b7 Ra2+ 73. Kb6 Rb2+ 74. Ka7 Ra2+ 75. Kb8 Rb2 76. Rd1+ Ke7 77. Ra1 1-0

[Event "Chigorin Memorial 2014"]
[Site "St Petersburg RUS"]
[Date "2014.10.23"]
[Round "6.34"]
[White "Yandarbiev, Ruslan"]
[Black "Oral, Tomas"]
[Result "0-1"]
[WhiteTitle "IM"]
[BlackTitle "GM"]
[WhiteElo "2339"]
[BlackElo "2513"]
[WhiteFideId "4115023"]
[BlackFideId "303739"]
[EventDate "2014.10.18"]

1. e4 c5 2. Nf3 Nc6 3. d4 cxd4 4. Nxd4 Qc7 5. Nc3 e6 6. Be3 a6 7. Qd2 b5 8. Nxc6
Qxc6 9. f3 Nf6 10. O-O-O Bb7 11. g4 d5 12. e5 Nd7 13. Bd4 b4 14. Ne2 a5 15. Kb1
a4 16. f4 b3 17. cxb3 axb3 18. a3 Nb6 19. Bxb6 Qxb6 20. Nd4 Bc5 21. Bb5+ Ke7 22.
a4 Bxd4 23. Qxd4 Qxd4 24. Rxd4 Rhc8 25. Rhd1 Ba6 26. Rb4 Bxb5 27. axb5 Rab8 28.
Rd3 Rc4 29. Rdxb3 Rxb4 30. Rxb4 Kd7 31. Kc2 Kc7 32. Kb3 Kb6 33. Ra4 Kc5 34. Ra7
Rxb5+ 35. Kc2 Kd4 36. Rxf7 Ke3 37. f5 d4 38. fxe6 d3+ 39. Kc3 Rc5+ 40. Kb4 Rxe5
41. Rxg7 d2 42. Rd7 Ke2 0-1

[Event "Chigorin Memorial 2014"]
[Site "St Petersburg RUS"]
[Date "2014.10.23"]
[Round "6.35"]
[White "Prizant, Jaroslav"]
[Black "Kowsarinia, Amir"]
[Result "1-0"]
[WhiteTitle "IM"]
[BlackTitle "FM"]
[WhiteElo "2511"]
[BlackElo "2331"]
[WhiteFideId "4140664"]
[BlackFideId "12500089"]
[EventDate "2014.10.18"]

1. d4 Nf6 2. c4 g6 3. Nc3 d5 4. cxd5 Nxd5 5. e4 Nxc3 6. bxc3 Bg7 7. Nf3 c5 8.
Be3 Qa5 9. Nd2 Bd7 10. Rb1 Qxc3 11. d5 b6 12. Be2 O-O 13. O-O f5 14. Rc1 Qb4 15.
exf5 Bxf5 16. Nc4 Bd7 17. h4 Qa4 18. Qd2 Na6 19. d6 e6 20. Bh6 Bd4 21. Bxf8 Rxf8
22. h5 Nb4 23. hxg6 hxg6 24. Qg5 Be8 25. Bg4 Rf6 26. Ne5 Kg7 27. Rc4 Qb5 28. Be2
Bxe5 29. Rh4 Rf5 30. Qh6+ Kf7 31. Bxb5 Bxb5 32. Rg4 Ke8 33. Rd1 Bd3 34. Qh7 Rf7
35. Qg8+ 1-0

[Event "Chigorin Memorial 2014"]
[Site "St Petersburg RUS"]
[Date "2014.10.23"]
[Round "6.36"]
[White "Levin, Evgeny A."]
[Black "Ovod, Evgenija"]
[Result "1-0"]
[WhiteTitle "GM"]
[BlackTitle "IM"]
[WhiteElo "2507"]
[BlackElo "2325"]
[WhiteFideId "4182596"]
[BlackFideId "4131827"]
[EventDate "2014.10.18"]

1. d4 d5 2. c4 c6 3. Nc3 Nf6 4. e3 e6 5. Bd2 Nbd7 6. Rc1 Bd6 7. cxd5 exd5 8. Bd3
a6 9. Nge2 O-O 10. f3 c5 11. O-O b5 12. a3 Re8 13. Qe1 Bb7 14. Qh4 Qb6 15. Kh1
Nf8 16. Qf2 Ne6 17. Bb1 Bc6 18. dxc5 Bxc5 19. b4 Bf8 20. Nd1 g6 21. Bc3 Bg7 22.
Nd4 Bb7 23. Nb2 Nf8 24. Nd3 N8d7 25. Rfe1 Rac8 26. Qd2 Bh6 27. Nc2 Rc6 28. Bd4
Qc7 29. Na1 Rxc1 30. Rxc1 Qd6 31. Nb3 Nb6 32. Qc3 Nfd7 33. Nbc5 Bc8 34. Nxd7
Nxd7 35. Qc6 Qe6 36. h3 Nb8 37. Qc7 Bd7 38. Nf4 Bxf4 39. Qxf4 Nc6 40. Bc5 Ne5
41. Bd4 Nc4 42. h4 f5 43. Qh6 Qf7 44. Bd3 Qf8 45. Qf4 h6 46. Ba1 Kh7 47. Kg1 Qe7
48. Bd4 h5 49. Kf2 Rc8 50. Ra1 Rc6 51. Kg1 Re6 52. Bxc4 dxc4 53. Bc5 Qg7 54. Rd1
Bc6 55. Qb8 Re8 56. Qd6 Qb7 57. Qf6 Bd5 58. Bd4 Rg8 59. Be5 Bf7 60. Rd6 Be8 61.
Re6 1-0

[Event "Chigorin Memorial 2014"]
[Site "St Petersburg RUS"]
[Date "2014.10.23"]
[Round "6.37"]
[White "Bublei, Pavel"]
[Black "Matsenko, Sergei"]
[Result "1/2-1/2"]
[WhiteTitle "FM"]
[BlackTitle "IM"]
[WhiteElo "2339"]
[BlackElo "2485"]
[WhiteFideId "24112593"]
[BlackFideId "4170083"]
[EventDate "2014.10.18"]

1. d4 Nf6 2. Nf3 e6 3. c4 b6 4. g3 Bb4+ 5. Bd2 Bxd2+ 6. Qxd2 Ba6 7. b3 c6 8. Nc3
d5 9. e4 Nxe4 10. Nxe4 dxe4 11. Ng5 c5 12. Nxe4 cxd4 13. Bg2 O-O 14. Ng5 Nd7 15.
Bxa8 Qxa8 16. O-O e5 17. f4 h6 18. Nf3 f6 19. Qe2 Qc6 20. fxe5 Bb7 21. e6 Ne5
22. Nxe5 Qh1+ 23. Kf2 Qxh2+ 24. Ke1 Qxg3+ 25. Kd1 fxe5 26. Rxf8+ Kxf8 27. Qe1
Qxe1+ 28. Kxe1 Ke7 29. a4 Kxe6 30. a5 bxa5 31. Rxa5 a6 32. c5 g5 33. c6 Bc8 34.
Kf2 g4 35. b4 Kd6 36. Rc5 e4 37. Kg3 e3 38. Kf4 g3 39. Ke4 g2 40. Rc1 e2 41.
Kxd4 Be6 42. Ke3 Bd5 43. Kxe2 Bxc6 44. Kf2 Kc7 45. Rc5 Kb6 46. Rh5 Ba8 47. Rxh6+
Kb5 1/2-1/2

[Event "Chigorin Memorial 2014"]
[Site "St Petersburg RUS"]
[Date "2014.10.23"]
[Round "6.38"]
[White "Kashtanov, Ruslan"]
[Black "Chekhov, Sergei"]
[Result "1-0"]
[WhiteTitle "IM"]
[BlackTitle "IM"]
[WhiteElo "2316"]
[BlackElo "2474"]
[WhiteFideId "4124871"]
[BlackFideId "4195639"]
[EventDate "2014.10.18"]

1. e4 c5 2. Nf3 e6 3. d4 cxd4 4. Nxd4 a6 5. c4 Nf6 6. Nc3 Qc7 7. a3 Be7 8. Be3
d6 9. Be2 O-O 10. O-O Nc6 11. Rc1 Ne5 12. f3 Bd7 13. b4 Rfc8 14. Na4 Qd8 15. Nb2
h5 16. Nb3 Ng6 17. c5 d5 18. Na5 Qc7 19. Na4 Bxa4 20. Qxa4 h4 21. exd5 Nxd5 22.
Qb3 Ngf4 23. Bc4 Nxe3 24. Qxe3 Bg5 25. Qe4 b6 26. cxb6 Qxb6+ 27. Kh1 Ra7 28.
Rcd1 Rac7 29. Qe5 Bh6 30. Rd6 Qb8 31. Rxa6 Ng6 32. Qe4 Nf8 33. Nc6 Qb7 34. b5 h3
35. gxh3 Re8 36. a4 f5 37. Qxf5 Rf7 38. Qh5 Be3 39. Qe5 Bb6 40. Qe4 Qc7 41. a5
Bc5 42. Ne5 Rf6 43. Rc6 Qa7 44. b6 Qxa5 45. b7 Rd8 46. Rc8 Rd4 47. Rxf8+ 1-0

[Event "Chigorin Memorial 2014"]
[Site "St Petersburg RUS"]
[Date "2014.10.23"]
[Round "6.39"]
[White "Smirnov, Artem"]
[Black "Gogolev, Artem"]
[Result "1-0"]
[WhiteTitle "IM"]
[WhiteElo "2450"]
[BlackElo "2253"]
[WhiteFideId "4143256"]
[BlackFideId "4116615"]
[EventDate "2014.10.18"]

1. d4 Nf6 2. c4 e6 3. Nc3 Bb4 4. e3 c5 5. Ne2 cxd4 6. exd4 O-O 7. a3 Be7 8. Nf4
d5 9. cxd5 Nxd5 10. Ncxd5 exd5 11. Bd3 Nc6 12. O-O Bg5 13. Re1 g6 14. Be3 Bf6
15. Rc1 Qd6 16. Rc5 Ne7 17. Qf3 Rd8 18. Rec1 Kg7 19. g4 h6 20. Kf1 b6 21. Rc7
Rd7 22. R7c3 Bb7 23. Bb5 Rdd8 24. Ne2 g5 25. Ng3 Kf8 26. Rc7 Rab8 27. h4 Rdc8
28. Rxc8+ Rxc8 29. Re1 Bc6 30. Bd3 Bd7 31. Nh5 Ng8 32. Nxf6 Nxf6 33. hxg5 hxg5
34. Bxg5 Ne4 35. Qf4 Qxf4 36. Bxf4 Bxg4 37. Kg2 Be6 38. f3 Nf6 39. Bd6+ Ke8 40.
Bb5+ Kd8 41. Bd3 Kd7 42. Be5 Ne8 43. f4 Nd6 44. Bxd6 Kxd6 45. f5 Bd7 46. Rh1 Rc7
47. Kf3 Ba4 48. Kf4 f6 49. Rh6 Rf7 50. Rh8 Ke7 51. Ra8 Kd6 52. Be2 Bc6 53. Rh8
Rg7 54. Bf3 Ke7 55. Rh2 Kd6 56. Rh6 Ke7 57. b4 Kf7 58. Rh1 Ke8 59. Re1+ Re7 60.
Rc1 Kd7 61. Rh1 Rg7 62. Rh2 Kd6 63. Rh1 Kd7 64. a4 a5 65. b5 Bb7 66. Rh8 Kd6 67.
Re8 Rf7 68. Re6+ Kc7 69. Bh5 Rf8 70. Re7+ Kb8 71. Bf7 Rh8 72. Kg3 Bc8 73. Be6
Rf8 74. Kf4 Bb7 75. Rh7 Bc8 76. Re7 Rh8 77. Rf7 Rh4+ 78. Kg3 Rxd4 79. Rf8 Rc4
80. Rxf6 Kc7 81. Bxc8 Kxc8 82. Rxb6 Kd7 83. Rb7+ Ke8 84. b6 Rb4 85. Kf3 Kf8 86.
f6 Kg8 87. Ke3 Rxa4 88. Rc7 1-0

[Event "Chigorin Memorial 2014"]
[Site "St Petersburg RUS"]
[Date "2014.10.23"]
[Round "6.40"]
[White "Schekachikhin, Maksim"]
[Black "Munguntuul, Batkhuyag"]
[Result "1-0"]
[BlackTitle "IM"]
[WhiteElo "2233"]
[BlackElo "2433"]
[WhiteFideId "24177830"]
[BlackFideId "4900758"]
[EventDate "2014.10.18"]

1. e4 c5 2. Nf3 d6 3. d4 cxd4 4. Nxd4 Nf6 5. Nc3 Bd7 6. Bg5 e6 7. Qd2 a6 8. f3
h6 9. Bxf6 Qxf6 10. O-O-O Nc6 11. Nxc6 bxc6 12. Bc4 Qg5 13. f4 Qc5 14. Bb3 Be7
15. Na4 Qa7 16. g4 e5 17. g5 exf4 18. gxh6 gxh6 19. Kb1 Qe3 20. Qg2 Be6 21. Rd3
Qa7 22. Bxe6 fxe6 23. e5 d5 24. c4 Rb8 25. cxd5 cxd5 26. Qg6+ Kd7 27. Qg4 d4 28.
Qd1 Rb4 29. a3 Rc4 30. Qb3 Rc6 31. Rhd1 Qc7 32. Rxd4+ Ke8 33. Qf3 Rf8 34. Qh5+
Rf7 35. Rxf4 Bg5 36. Rff1 Qe7 37. h4 Bxh4 38. Rxf7 Qxf7 39. Qxh4 Qg6+ 40. Ka1
Qg5 41. Qxg5 hxg5 42. Rg1 Rc4 43. b3 1-0

[Event "Chigorin Memorial 2014"]
[Site "St Petersburg RUS"]
[Date "2014.10.23"]
[Round "6.41"]
[White "Saveliev, Alexei"]
[Black "Iljiushenok, Ilia"]
[Result "1/2-1/2"]
[WhiteElo "2207"]
[BlackElo "2433"]
[WhiteFideId "24128546"]
[BlackFideId "24105074"]
[EventDate "2014.10.18"]

1. e4 d6 2. d4 Nf6 3. Nc3 Nbd7 4. Nf3 e5 5. Bc4 exd4 6. Qxd4 Nb6 7. Bb3 Be7 8.
Bg5 O-O 9. O-O-O Ng4 10. Bxe7 Qxe7 11. Rhe1 Be6 12. Nd5 Bxd5 13. exd5 Qd7 14. c4
Rfe8 15. Bc2 Nf6 16. h3 Rxe1 17. Rxe1 Re8 18. g4 Rxe1+ 19. Nxe1 Qe7 20. Kd1 Nfd7
21. Ng2 Ne5 22. b3 Qf6 23. Qf4 Qxf4 24. Nxf4 g6 25. Ke2 h6 26. Ke3 Kg7 27. Ne2
Kf6 28. f4 Ned7 29. Nc3 a6 30. Ne4+ Ke7 31. Kd4 Nf6 32. Ng3 a5 33. a3 Nbd7 34.
b4 axb4 35. axb4 b6 36. Ba4 Nf8 37. Bd1 N8d7 38. Ba4 Nf8 39. Bd1 N8d7 40. Ba4
Nf8 1/2-1/2